| 000 | 02388nam a2200337 a 4500 | ||
|---|---|---|---|
| 001 | ASIN1409403858 | ||
| 003 | OSt | ||
| 005 | 20180116192417.0 | ||
| 008 | 130726s2011 xxu eng d | ||
| 020 |
_a1409403858 (paperback) _c$49.95 |
||
| 020 | _a9781409403852 (paperback) | ||
| 040 | _c00 | ||
| 050 | 0 | 4 | _aGF90 |
| 082 | 0 | 4 | _a304.2 |
| 100 | 1 |
_aHoward, Peter J. _96783 |
|
| 245 | 1 | 3 |
_aAn introduction to landscape / _cPeter J. Howard. |
| 260 |
_aBurlington : _bAshgate, _c2011. |
||
| 300 |
_a309 p. ; _c26 cm. |
||
| 520 | _aLandscape is visceral, not rational. It inspires deep emotion, and is very popular, although its meanings are varied. This text is not a history of the landscape, nor is it concerned with the practicalities of landscape design. Rather, it follows the development of the several threads of the concept of landscape as they have evolved across disciplines and across countries, leading to the European Landscape Convention, and the designation of Cultural Landscapes as World Heritage Sites. Divided into three sections, it first of all introduces the key notions of landscape, such as landscape as meaning, as picture, as scale, as scenery and as place. The second part turns to the various factors which influence the way in which landscape is perceived now and in the past, with all of the senses. Finally, there is a consideration of the various ways of protecting, managing and enhancing the landscape, especially considering a future of climate change. Beautifully illustrated and including numerous 'capsules' in each section which provide fascinating insights into subjects from reading pictures, to mapping and GIS, through a discussion of the range of types of landscape to issues such as eco-museums, this book provides an excellent introductory overview for any students with an interest in the landscape around us. | ||
| 650 | 0 |
_aCultural property--Protection _96784 |
|
| 650 | 0 |
_aEnvironmental management _96785 |
|
| 650 | 0 |
_aHuman geography _96786 |
|
| 650 | 0 |
_aLandscape assessment _96787 |
|
| 650 | 0 |
_aLandscape protection _96788 |
|
| 650 | 0 |
_aLandscapes _96789 |
|
| 650 | 0 |
_aNational characteristics _96790 |
|
| 650 | 0 |
_aNature (Aesthetics) _96791 |
|
| 856 | 4 | 0 |
_3Amazon.com _uhttp://www.amazon.com/exec/obidos/ASIN/1409403858/chopaconline-20 |
| 942 |
_2ddc _cBK |
||
| 999 |
_c353757 _d353757 |
||